[Event "XXVII Actius Vallfogona Open"]
[Site "Vallfogona de Balaguer"]
[Date "2019.09.22"]
[Round "5.6"]
[White "Sosa, Tomas"]
[Black "Albets Armengol, Roland"]
[Result "1-0"]
[WhiteElo "2524"]
[BlackElo "2201"]
[Annotator "ChessBase"]
[PlyCount "55"]
[EventDate "2019.09.22"]
[EventCountry "ESP"]
[SourceTitle "playchess.com"]
[Source "ChessBase"]
[SourceQuality "1"]
[TimeControl "900+5"]

1. e4 g6 2. d4 Bg7 3. Nc3 d6 4. Be2 a6 5. a4 b6 6. Be3 Bb7 7. h4 h5 8. Nh3 Nf6 9. Ng5 O-O 10. g4 hxg4 11. Bxg4 Nxg4 12. Qxg4 Nd7 13. h5 Nf6 14. Qf3 gxh5 15. Rxh5 Qd7 16. Rh4 b5 17. O-O-O b4 18. Nd5 Bxd5 19. exd5 Qxa4 20. Ne4 Qa1+ 21. Kd2 Qxb2 22. Rg1 Nxe4+ 23. Qxe4 Qc3+ 24. Ke2 Qc4+ 25. Kf3 f5 26. Qe6+ Rf7 27. Rxg7+ Kxg7 28. Qh6+ 1-0

[Event "XXVII Actius Vallfogona Open"]
[Site "Vallfogona de Balaguer"]
[Date "2019.09.22"]
[Round "5.7"]
[White "Oliva Castaneda, Kevel"]
[Black "Masague Artero, Guerau"]
[Result "1-0"]
[WhiteElo "2470"]
[BlackElo "2265"]
[Annotator "ChessBase"]
[PlyCount "65"]
[EventDate "2019.09.22"]
[EventCountry "ESP"]
[SourceTitle "playchess.com"]
[Source "ChessBase"]
[SourceQuality "1"]
[TimeControl "900+5"]

1. d4 Nf6 2. Bg5 d5 3. e3 c6 4. Bd3 Bg4 5. Ne2 Nbd7 6. f3 Bh5 7. Nf4 Bg6 8. Nxg6 hxg6 9. Nd2 e5 10. c3 Bd6 11. Qe2 Qc7 12. O-O-O O-O-O 13. Kb1 Rde8 14. Qf2 Nh7 15. Bh4 f5 16. dxe5 Nxe5 17. Bc2 Nd7 18. Bg3 Bxg3 19. hxg3 Nhf6 20. Rhe1 Qb6 21. g4 f4 22. Nf1 Ne5 23. Rd4 Nc4 24. Bxg6 Rh1 25. Rxc4 fxe3 26. Qe2 dxc4 27. Bxe8 Nxe8 28. Qxc4 Nf6 29. Qe6+ Kb8 30. Qe5+ Kc8 31. c4 Nd7 32. Qe8+ Kc7 33. Rd1 1-0

[Event "XXVII Actius Vallfogona Open"]
[Site "Vallfogona de Balaguer"]
[Date "2019.09.22"]
[Round "5.8"]
[White "Sole Pijuan, Ferran"]
[Black "Panelo, Marcelo"]
[Result "0-1"]
[WhiteElo "2135"]
[BlackElo "2360"]
[Annotator "NA"]
[PlyCount "67"]
[EventDate "2019.09.22"]
[EventCountry "ESP"]
[SourceTitle "playchess.com"]
[Source "ChessBase"]
[SourceQuality "1"]
[TimeControl "900+5"]

1. d4 Nf6 2. c4 e6 3. Nc3 Bb4 4. e3 O-O 5. Nf3 d5 6. Bd2 c5 7. a3 Bxc3 8. Bxc3 Ne4 9. Qc2 Nxc3 10. Qxc3 cxd4 11. Nxd4 e5 12. Nf3 d4 13. Qd2 Nc6 14. exd4 exd4 15. Be2 Bf5 16. O-O-O Qf6 17. Bd3 Rad8 18. Rde1 Bxd3 19. Qxd3 Rfe8 20. Kb1 a5 21. Re4 Rxe4 22. Qxe4 h6 23. Rd1 Qd6 24. h3 Qc5 25. Qd3 a4 26. Re1 Na5 27. Nd2 Qg5 28. g3 Qf6 29. f4 Qc6 30. h4 Qg2 31. Ka2 Qf2 32. Re2 Qg1 33. Ne4 Nb3 34. Nd2 0-1

[Event "XXVII Actius Vallfogona Open"]
[Site "Vallfogona de Balaguer"]
[Date "2019.09.22"]
[Round "5.9"]
[White "Cruz, Jonathan"]
[Black "Ribera Pane, Jaume"]
[Result "1-0"]
[WhiteElo "2409"]
[BlackElo "2074"]
[Annotator "NA"]
[PlyCount "71"]
[EventDate "2019.09.22"]
[EventCountry "ESP"]
[SourceTitle "playchess.com"]
[Source "ChessBase"]
[SourceQuality "1"]
[TimeControl "900+5"]

1. e4 Nf6 2. Nc3 d5 3. exd5 Nxd5 4. Bc4 c6 5. Qf3 e6 6. Nge2 Nd7 7. d4 Qf6 8. Qh3 N7b6 9. Bd3 Nxc3 10. bxc3 g6 11. Bf4 Nd7 12. Qe3 h6 13. Ng3 g5 14. Nh5 Qe7 15. Be5 f6 16. Bc7 Qf7 17. Ng3 Nb6 18. Bxb6 axb6 19. h4 Bd6 20. hxg5 fxg5 21. Ne4 Bf4 22. Qe2 Bd7 23. g3 Bc7 24. Nxg5 Qg8 25. Qh5+ Ke7 26. Ne4 Qf7 27. Qh4+ Kf8 28. O-O Ra5 29. Rae1 Rh5 30. Qf6 Rg8 31. Re3 Rf5 32. Qxh6+ Ke8 33. Bc4 Rg6 34. Qh8+ Rg8 35. Qh4 Bd8 36. Nd6+ {Bc7 Qh6+ Kd8 Ne4 Ke8} 1-0

[Event "XXVII Actius Vallfogona Open"]
[Site "Vallfogona de Balaguer"]
[Date "2019.09.22"]
[Round "5.10"]
[White "Trepat Herranz, Joan"]
[Black "Quintas Galeano, Lluis"]
[Result "1/2-1/2"]
[WhiteElo "2395"]
[BlackElo "2085"]
[Annotator "NA"]
[PlyCount "86"]
[EventDate "2019.09.22"]
[EventCountry "ESP"]
[SourceTitle "playchess.com"]
[Source "ChessBase"]
[SourceQuality "1"]
[TimeControl "900+5"]

1. d4 d6 2. e4 Nf6 3. Nc3 c6 4. Be3 e5 5. Nf3 Nbd7 6. a4 Be7 7. h3 O-O 8. a5 exd4 9. Bxd4 Re8 10. Bd3 Nc5 11. O-O Nxd3 12. Qxd3 Nd7 13. Rfe1 Bf6 14. Bxf6 Qxf6 15. Rad1 Ne5 16. Nxe5 dxe5 17. Na4 Be6 18. Qe3 g5 19. Nc5 Bc8 20. Rd3 Kh8 21. Red1 g4 22. hxg4 Bxg4 23. f3 Be6 24. Rd6 Rad8 25. Nxb7 Rxd6 26. Nxd6 Rg8 27. Rd2 Bh3 28. c4 Bxg2 29. Nxf7+ Qxf7 30. Rxg2 Qxc4 31. Rxg8+ Qxg8+ 32. Kf2 Qc4 33. Qxa7 Qc2+ 34. Kg3 Qxb2 35. a6 Qc3 36. Qb8+ Kg7 37. Qb7+ Kg6 38. Kg4 h5+ 39. Kh4 Qe1+ 40. Kh3 Qh1+ 41. Kg3 Qg1+ 42. Kh3 Qh1+ 43. Kg3 Qg1+ {Qa7} 1/2-1/2

[Event "XXVII Actius Vallfogona Open"]
[Site "Vallfogona de Balaguer"]
[Date "2019.09.22"]
[Round "6"]
[White "Sosa, Tomas"]
[Black "Albets Armengol, Roland"]
[Result "1-0"]
[WhiteElo "2524"]
[BlackElo "2201"]
[Annotator "TA"]
[PlyCount "55"]
[EventDate "2019.09.22"]
[EventCountry "ESP"]
[SourceTitle "playchess.com"]
[Source "ChessBase"]
[SourceQuality "1"]

{[%evp 9,55,36,38,28,40,38,37,37,38,41,214,205,206,199,285,281,329,319,339,279,412,403,650,637,767,755,1106,1100,1096,1100,1089,1068,2276,1639,29991,29992,29992,29993,29993,29992,29993,29992,29996,29995,29997,29998,29998,29999]} 1. e4 g6 2. d4 Bg7 3. Nc3 d6 4. Be2 a6 5. a4 b6 6. Be3 {B06: Modern Defence} Bb7 7. h4 $146 ({Predecessor:} 7. Qd2 Nf6 8. f3 Nc6 9. d5 Ne5 10. h3 c6 11. dxc6 Nxc6 12. Bf4 Rc8 13. Nd5 Nd7 {1-0 (28) Odeev,H (2472)-Arencibia Rodriguez,W (2534) Linares 2001}) 7... h5 8. Nh3 {White is slightly better.} Nf6 9. Ng5 O-O $2 {[#]} (9... e6 $14) 10. g4 $1 $18 hxg4 11. Bxg4 Nxg4 (11... b5 {was necessary.}) 12. Qxg4 {h5 is the strong threat.} Nd7 13. h5 Nf6 14. Qf3 gxh5 ({Reject} 14... Nxh5 15. Rxh5 Qd7 16. Rh2 $18) (14... Qd7 {was worth a try.} 15. h6 Bh8 16. h7+ Kg7) 15. Rxh5 Qd7 (15... c5 $142 16. O-O-O b5 17. dxc5 Qe8 18. cxd6 b4) 16. Rh4 b5 17. O-O-O b4 18. Nd5 Bxd5 19. exd5 Qxa4 20. Ne4 Qa1+ 21. Kd2 Qxb2 {[#]} 22. Rg1 $1 {[%mdl 512] White mates.} Nxe4+ 23. Qxe4 {[%csl Gh4][%cal Re4h7]} Qc3+ 24. Ke2 {[%csl Gh4][%cal Re4h7]} Qc4+ 25. Kf3 {[%csl Gh4][%cal Re4h7]} f5 26. Qe6+ Rf7 {[#]} 27. Rxg7+ $1 {[%mdl 576] Remove Defender, Back Rank} Kxg7 28. Qh6+ {Accuracy: White = 85%, Black = 30%.} 1-0

[Event "XXVII Actius Vallfogona Open"]
[Site "Vallfogona de Balaguer"]
[Date "2019.09.22"]
[Round "6"]
[White "Cuartas, Jaime Alexander"]
[Black "Movsziszian, Karen"]
[Result "1-0"]
[WhiteElo "2523"]
[BlackElo "2475"]
[Annotator "TA"]
[PlyCount "133"]
[EventDate "2019.09.22"]
[EventCountry "ESP"]
[SourceTitle "playchess.com"]
[Source "ChessBase"]
[SourceQuality "1"]

{[%evp 9,133,-6,27,8,12,3,18,8,17,0,12,15,16,7,47,0,40,-32,0,-9,8,0,18,17,16,0,34,-3,-18,-64,0,-25,0,-44,-26,-77,-70,-126,6,-24,6,8,8,5,5,31,36,-17,-25,-11,0,-108,0,-81,-67,-67,-13,-12,0,0,64,73,201,88,156,72,169,0,85,75,72,80,88,86,220,218,209,201,294,275,276,204,302,298,302,263,286,201,163,156,422,415,424,432,427,420,455,164,193,188,227,132,282,268,414,385,972,923,669,516,1170,669,1176,658,29964,29958,29983,29984,29986,29987,29990,29990,29992,29993,29993,29994]} 1. d4 d6 2. Nf3 g6 3. Bf4 Bg7 4. e3 Nd7 5. Bc4 e6 (5... e5 6. Bg5 Ngf6 7. dxe5 dxe5 8. Nc3 h6 9. Bxf6 Qxf6 10. Nd2 O-O 11. O-O Qh4 12. Qe2 Nc5 13. Nb3 Ne6 14. Bxe6 Bxe6 {0-1 (45) Tran,T (2491)-Sethuraman,S (2623) Moscow 2017}) 6. c3 {A41: 1 d4 d6: Tartakower System and Modern Defence} Ngf6 7. h3 O-O 8. O-O {The position is equal.} b6 9. a4 a6 $146 ({Predecessor:} 9... Bb7 10. a5 Ne4 11. Qe2 bxa5 12. Nfd2 Nb6 13. Nxe4 Bxe4 14. Nd2 Bb7 15. Rxa5 Nxc4 16. Qxc4 {½-½ (43) Soldatov,R-Areshchenko,A Simferopol 2000}) 10. Nbd2 Bb7 11. Re1 Qe7 12. Bh2 e5 13. Nf1 ({White should play} 13. e4 $14) 13... Kh8 14. N3d2 e4 15. Be2 Ne8 16. b4 {[%cal Bb2b4,Bb4b5][%mdl 32]} f5 17. Nb3 g5 18. f3 d5 19. f4 h6 (19... Bh6 $15) 20. b5 Nd6 21. Nfd2 Bf6 22. Rf1 (22. bxa6 $11 {keeps the balance.} Bxa6 23. a5) 22... Rg8 23. Kh1 {[#]} (23. bxa6 $1 $15 Bc8 24. Bb5) 23... Rg7 (23... g4 $1 $17 {[%mdl 512]} 24. hxg4 axb5 25. axb5 Rxa1 26. Nxa1 Qg7) 24. bxa6 $11 Bxa6 25. Bxa6 Rxa6 26. fxg5 Bxg5 27. Qe2 Ra8 28. Bxd6 (28. c4 $14) 28... Qxd6 29. Rxf5 Rag8 30. Nf1 (30. Rg1 $1 $11) 30... c6 (30... Qe6 $17 31. Rf2 Bh4) 31. a5 (31. Nh2 $1 $11) 31... bxa5 32. Rxa5 Bd8 (32... Qg6 $15 33. Rf2 Bh4) 33. Ra8 Nb6 34. Ra2 Bc7 ({Black should try} 34... Nc4 $11) 35. Qf2 $1 $14 Qg6 (35... Rxg2 36. Qxg2 Rxg2 37. Rxg2) (35... Bd8 $16 {was called for.}) 36. g4 (36. Rf6 $18 {is the precise move to win.} Qh7 37. Rxc6) 36... Nd7 ({Better is} 36... Bd8) 37. Nc1 (37. Ra6 $142) 37... Rh7 {[#]} (37... h5 $16 {is a better defense.} 38. Rxh5+ Rh7) 38. Qh4 $2 (38. c4 $1 $18 {[%mdl 512]}) 38... h5 (38... Bd8 $11 {remains equal.} 39. Qh5 Qd6) 39. Rxh5 $16 Rxh5 40. Qxh5+ Qxh5 41. gxh5 Nf6 (41... Rf8 $16 {keeps fighting.} 42. Kg1 Rg8+ 43. Rg2 Rg7) 42. Ra6 $18 Nxh5 43. Rxc6 Ng3+ (43... Rf8 {might work better.}) 44. Nxg3 Bxg3 {[%mdl 4096] Endgame KRB-KRN} 45. Rf6 Be1 (45... Rg5 {was necessary.} 46. Ne2 Kg7) 46. Ne2 Bd2 47. Rh6+ Kg7 48. Rd6 Bxe3 49. Rxd5 Kf6 $2 (49... Rc8 $16 50. Kg2 Bd2) 50. Re5 Bd2 51. Rxe4 Rc8 52. Kg2 Bxc3 53. h4 $2 (53. Nxc3 Rxc3 54. Rf4+ Kg5 55. Rf3) 53... Bd2 54. Kf3 Ra8 55. h5 (55. d5 $18) 55... Rf8 (55... Ra3+ $16 56. Kg4 Ra5) 56. Re5 Rg8 (56... Kg7+ $142 57. Ke4 Rf2) 57. Ng3 {And now Ne4+ would win.} Bb4 $2 (57... Kg7 58. d5 Bc1 59. Re7+ Kf6) 58. Ne4+ Kf7 59. d5 Ra8 (59... Rg1 $142 60. d6 Rd1 61. Re7+ Kf8) 60. Rf5+ Kg7 61. d6 Rd8 62. Rf6 {White mates.} Rd7 63. h6+ Kh7 64. Kg4 Rd8 65. Kf5 Ba3 66. Ng5+ Kh8 67. Nf7+ {[%mdl 64] Double Attack. Accuracy: White = 36%, Black = 19%.} 1-0

[Event "XXVII Actius Vallfogona Open"]
[Site "Vallfogona de Balaguer"]
[Date "2019.09.22"]
[Round "6"]
[White "Trepat Herranz, Joan"]
[Black "Quintas Galeano, Lluis"]
[Result "1/2-1/2"]
[WhiteElo "2395"]
[BlackElo "2085"]
[Annotator "TA"]
[PlyCount "86"]
[EventDate "2019.09.22"]
[EventCountry "ESP"]
[SourceTitle "playchess.com"]
[Source "ChessBase"]
[SourceQuality "1"]

{[%evp 9,86,39,39,38,31,18,23,9,18,0,6,1,8,0,23,17,39,23,77,86,71,53,53,63,60,53,64,54,93,94,101,87,161,140,218,172,163,147,186,107,266,217,229,192,216,183,359,16,16,16,13,13,23,20,20,17,539,538,666,623,29980,1332,29982,436,476,133,131,0,0,0,0,0,0,0,0,0,0,0,0]} 1. d4 d6 2. e4 Nf6 3. Nc3 c6 4. Be3 e5 5. Nf3 (5. dxe5 dxe5 6. Qxd8+ Kxd8 7. Bc4 Ke8 8. f3 Nbd7 9. a4 Bc5 10. Bxc5 Nxc5 11. b4 Be6 12. Be2 Ncd7 13. a5 Ke7 14. g4 h6 15. Nh3 b5 16. axb6 axb6 {½-½ (70) Naiditsch,A (2702)-Bologan,V (2680) Kishinev 2012}) 5... Nbd7 6. a4 {B07: Pirc Defence: Miscellaneous Systems} Be7 7. h3 O-O 8. a5 {White has an edge.} exd4 9. Bxd4 Re8 $146 ({Predecessor:} 9... d5 10. exd5 cxd5 11. a6 Re8 12. Bb5 {0-1 (21) Klimpel,S (1662)-Goy,U (2032) Bergen 2014}) 10. Bd3 Nc5 11. O-O Nxd3 12. Qxd3 Nd7 13. Rfe1 $36 {[%mdl 2048] White has the initiative.} Bf6 (13... Bf8 $11) 14. Bxf6 $16 Qxf6 15. Rad1 Ne5 16. Nxe5 dxe5 17. Na4 Be6 18. Qe3 g5 19. Nc5 Bc8 20. Rd3 Kh8 (20... b6 $16) 21. Red1 $18 g4 (21... b6 $16 {was called for.}) 22. hxg4 Bxg4 23. f3 ({Weaker is} 23. Nxb7 Bxd1 24. Rxd1 Qf4 $11) 23... Be6 24. Rd6 (24. Nxb7 $18 Rg8 25. R1d2) 24... Rad8 $2 {[#]} (24... b6 $16) 25. Nxb7 Rxd6 26. Nxd6 Rg8 27. Rd2 Bh3 $2 (27... a6 {might work better.} 28. c3 Qg6) 28. c4 $2 {[#]} (28. Qxa7 $18 Be6 29. Qe3) 28... Bxg2 $1 $11 29. Nxf7+ Qxf7 30. Rxg2 Qxc4 31. Rxg8+ Qxg8+ {[%mdl 4096] Endgame KQ-KQ} 32. Kf2 Qc4 $2 {[%mdl 8192]} (32... Qd8 $11) 33. Qxa7 $18 Qc2+ 34. Kg3 Qxb2 35. a6 (35. Qf7 $142 h6 36. a6 Qd4 37. a7 Qg1+ 38. Kh3 Qh1+ 39. Kg4 Qg2+ 40. Kf5 Qxf3+ 41. Ke6 {[%mdl 64] Discovered Attack} Qb3+ 42. Ke7 Qa3+ 43. Ke8) 35... Qc3 36. Qb8+ (36. Qf7 $142 h5 37. a7 Qe1+ 38. Kg2 Qa1 39. Qf8+ Kh7 40. a8=Q Qxa8 41. Qxa8) 36... Kg7 {intending ...Qe1+.} 37. Qb7+ $2 (37. Qb6 $18 {And now a7 would win.} Qc1 38. Qc7+ {[%mdl 64] Double Attack} Kg8 39. Qd8+ Kf7 40. Qd7+ Kf6 41. Qf5+ Kg7 42. Qxe5+ Kg8 43. Qe6+ Kg7 44. Qe5+ Kg6 45. Qf5+ Kg7 46. Qe5+) 37... Kg6 38. Kg4 ({Don't play} 38. a7 $6 Qe1+ 39. Kg4 Qg1+ 40. Kh3 Qf1+ 41. Kh4 Qf2+ 42. Kh3 Qf1+ 43. Kh4 Qf2+ 44. Kh3 Qf1+ $11) (38. Qb1 $16 {Black must now prevent Qa2.} Qd4 39. Qf1) 38... h5+ $11 {The position is equal.} 39. Kh4 Qe1+ 40. Kh3 Qh1+ 41. Kg3 Qg1+ 42. Kh3 Qh1+ 43. Kg3 Qg1+ {Accuracy: White = 40%, Black = 32%.} 1/2-1/2

[Event "XXVII Actius Vallfogona Open"]
[Site "Vallfogona de Balaguer"]
[Date "2019.09.22"]
[Round "6.1"]
[White "Munoz, Miguel"]
[Black "Cuartas, Jaime Alexander"]
[Result "1/2-1/2"]
[WhiteElo "2519"]
[BlackElo "2523"]
[Annotator "TA"]
[PlyCount "48"]
[EventDate "2019.09.22"]
[EventCountry "ESP"]
[SourceTitle "playchess.com"]
[Source "ChessBase"]
[SourceQuality "1"]

{[%evp 9,48,19,21,12,28,37,41,31,58,46,83,77,112,116,110,98,102,108,100,31,33,43,105,98,123,68,91,9,4,0,29,16,21,8,142,137,98,0,0,-4,13]} 1. e4 c5 2. g3 Nc6 3. Bg2 e6 4. Ne2 Nf6 5. O-O d5 6. exd5 {B20: Sicilian: Unusual White 2nd moves} Nxd5 7. d4 Nf6 {[%cal Rc5d4]} 8. Be3 {White is slightly better.} (8. c3 {is more complex.} Bd7 9. Be3 cxd4 10. Nxd4 Be7 11. Nd2) 8... cxd4 9. Nxd4 Nxd4 10. Qxd4 Qxd4 11. Bxd4 Be7 12. Nc3 O-O 13. Rad1 {[#]} Rd8 $146 14. Nb5 (14. Be5 $16) 14... Bd7 $14 15. Nxa7 e5 (15... Be8 $1 $14) 16. Bb6 Rdb8 17. c4 ({Better is} 17. Rd2 $16) 17... Bg4 {[#]} 18. Rc1 ({White should try} 18. Ra1 $1 $16) 18... Nd7 $36 {[%mdl 2048] Black fights for an advantage.} 19. Be3 Nc5 20. b4 Nd3 21. Rb1 Be2 (21... Nxb4 $11 {keeps the balance.} 22. Rb2 Bf5) 22. a3 $16 Bxf1 23. Bxf1 ({White should play} 23. Kxf1 $16 {Be4 is the strong threat.} e4 24. Bxe4) 23... e4 $1 $11 24. Nb5 f5 {Accuracy: White = 40%, Black = 35%.} 1/2-1/2

[Event "XXVII Actius Vallfogona Open"]
[Site "Vallfogona de Balaguer"]
[Date "2019.09.22"]
[Round "6.2"]
[White "Henriquez Villagra, Cristobal"]
[Black "Moskalenko, Viktor"]
[Result "1/2-1/2"]
[WhiteElo "2587"]
[BlackElo "2475"]
[Annotator "ChessBase"]
[PlyCount "95"]
[EventDate "2019.09.22"]
[EventCountry "ESP"]
[SourceTitle "playchess.com"]
[Source "ChessBase"]
[SourceQuality "1"]
[TimeControl "900+5"]

1. Nf3 d5 2. g3 Nf6 3. Bg2 c6 4. O-O Bf5 5. b3 h6 6. Bb2 Nbd7 7. d3 e6 8. Nbd2 Be7 9. Ne5 Nxe5 10. Bxe5 O-O 11. e4 Bh7 12. Qe2 dxe4 13. dxe4 Nd7 14. Bb2 Bf6 15. c3 Qc7 16. Nc4 Rfd8 17. Ne3 Be7 18. Ng4 Nf6 19. c4 Nxg4 20. Qxg4 e5 21. f4 Bc5+ 22. Kh1 Bd4 23. Rab1 Bxb2 24. Rxb2 f6 25. Qe6+ Kh8 26. fxe5 Qxe5 27. Qxe5 fxe5 28. Rbf2 Bg6 29. Kg1 Rd4 30. c5 a5 31. Rf8+ Rxf8 32. Rxf8+ Kh7 33. Rb8 Rd1+ 34. Kf2 Rd2+ 35. Kg1 Rxa2 36. Rxb7 Rc2 37. h4 h5 38. b4 axb4 39. Rxb4 Rxc5 40. Bf3 Rc3 41. Kf2 Rc2+ 42. Ke3 Rc3+ 43. Kf2 Rc2+ 44. Ke3 Rc3+ 45. Kf2 Kg8 46. Rb7 Rc2+ 47. Ke3 Rc3+ 48. Kf2 1/2-1/2

[Event "XXVII Actius Vallfogona Open"]
[Site "Vallfogona de Balaguer"]
[Date "2019.09.22"]
[Round "6.3"]
[White "Perez Mitjans, Orelvis"]
[Black "Cruz, Filemon"]
[Result "1/2-1/2"]
[WhiteElo "2409"]
[BlackElo "2320"]
[Annotator "NA"]
[PlyCount "43"]
[EventDate "2019.09.22"]
[EventCountry "ESP"]
[SourceTitle "playchess.com"]
[Source "ChessBase"]
[SourceQuality "1"]
[TimeControl "900+5"]

1. e4 e6 2. d4 d5 3. Nd2 Nf6 4. e5 Nfd7 5. Ngf3 Nc6 6. Bb5 f6 7. exf6 Qxf6 8. Nb3 Bd6 9. O-O O-O 10. c4 dxc4 11. Bxc4 Nb6 12. Bd3 e5 13. Bg5 Qf7 14. Be3 Bf5 15. Bxf5 Qxf5 16. dxe5 Nxe5 17. Nfd4 Qg6 18. h3 Rad8 19. Qe2 Rfe8 20. Nb5 Nec4 21. Nxd6 Rxd6 22. Qf3 1/2-1/2

[Event "XXVII Actius Vallfogona Open"]
[Site "Vallfogona de Balaguer"]
[Date "2019.09.22"]
[Round "6.4"]
[White "Hernandez, Cristian Andres"]
[Black "Sosa, Tomas"]
[Result "0-1"]
[WhiteElo "2394"]
[BlackElo "2524"]
[Annotator "TA"]
[PlyCount "78"]
[EventDate "2019.09.22"]
[EventCountry "ESP"]
[SourceTitle "playchess.com"]
[Source "ChessBase"]
[SourceQuality "1"]

{[%evp 14,78,4,10,7,0,1,0,9,-1,16,13,23,0,14,-11,49,58,68,-12,-12,-33,-10,-12,0,-46,-54,-57,-41,-50,0,0,0,-154,-134,-130,3,3,3,0,0,0,0,0,0,0,0,0,0,0,17,6,0,0,0,0,0,0,23,28,138,-10,-8,-429,-336,-1509,-14]} 1. d4 d5 2. Nf3 Nf6 3. c4 e6 4. Nc3 dxc4 5. e3 a6 6. Bxc4 b5 7. Be2 Bb7 8. O-O Nbd7 {D26: Queen's Gambit Accepted: 4 e3 e6 5 Bxc5 c5 sidelines} 9. b3 Bd6 (9... c5 10. Bb2 Be7 11. Rc1 O-O 12. Qc2 Rc8 13. Qb1 Qb6 14. Rfd1 Rfd8 15. h3 h6 16. dxc5 Nxc5 17. Rxd8+ Rxd8 {0-1 (59) Mamedyarov,S (2817)-Carlsen,M (2835) St Petersburg 2018}) 10. Bb2 O-O {The position is equal.} 11. a4 c6 12. Qc2 Qe7 $146 ({Predecessor:} 12... Rc8 13. Ng5 Qc7 14. h3 c5 15. axb5 cxd4 16. bxa6 Bxg2 17. Kxg2 dxc3 {1-0 (53) Muha,M (2365)-Pedoson,G (2162) Porto Carras 2018}) 13. Rad1 Rac8 14. e4 e5 (14... Bb4 $11) 15. dxe5 $14 Nxe5 16. Nh4 (16. Nd4 $1 $14 Bb8 17. Nf5 (17. axb5 cxb5 18. Qd2 Nxe4 $17)) 16... g6 $11 17. h3 Bb8 18. g3 Qc5 19. Qc1 b4 20. Na2 Qxc1 21. Rxc1 Nxe4 {Hoping for ...c5.} (21... c5 {seems wilder.} 22. f4 Ned7 23. Rcd1 Rcd8 24. e5 Ne4) 22. Nxb4 Rfe8 23. Bxa6 $2 ({Much worse is} 23. Nxa6 Ba7 $17) (23. Bxe5 $11 Rxe5 24. Bxa6 Bxa6 25. Nxa6) 23... Bxa6 $17 24. Nxa6 {[#]} Ba7 (24... Nd3 $1 $17 {[%cal Rd3b2]} 25. Bd4 Nxc1 26. Rxc1 Nd2) 25. Bxe5 $11 Rxe5 26. Kg2 $36 {[%mdl 2048] White is pushing.} Nd2 27. Rfe1 Rxe1 28. Rxe1 Nxb3 29. Rb1 Na5 30. Nf3 Re8 31. Rb2 Nc4 32. Rb7 Bb6 {White must now prevent ...Re2.} 33. Nc7 Re2 (33... Rc8 $5 34. Na6 $8 c5 $11) 34. Rb8+ Kg7 35. Ne8+ $1 Kh6 36. g4 {Intending g5+ and mate.} g5 {[#]} ({Not} 36... Rxf2+ $2 37. Kg3 $18) (36... Be3 $11) 37. a5 (37. Rc8 $1 $16) 37... Bxf2 {...Ba7+ is the strong threat.} 38. Kf1 $2 {[%mdl 8192]} (38. Kh1 $1 $11) 38... Ra2 {[%cal Rc4e3]} 39. Kg2 $2 (39. Rb3) 39... Rc2 $2 {[%mdl 32768] Accuracy: White = 42%, Black = 36%. . Loss on time!?} (39... Ba7+ $19 40. Kh1 Bxb8) 0-1

[Event "XXVII Actius Vallfogona Open"]
[Site "Vallfogona de Balaguer"]
[Date "2019.09.22"]
[Round "6.5"]
[White "Baches Garcia, Guillermo"]
[Black "Oliva Castaneda, Kevel"]
[Result "0-1"]
[WhiteElo "2322"]
[BlackElo "2470"]
[Annotator "TA"]
[PlyCount "71"]
[EventDate "2019.09.22"]
[EventCountry "ESP"]
[SourceTitle "playchess.com"]
[Source "ChessBase"]
[SourceQuality "1"]

{[%evp 14,71,43,40,54,61,98,73,69,66,73,45,59,40,85,80,84,68,77,77,85,93,104,97,213,68,141,96,93,-93,-84,-267,-271,-267,-263,-233,-168,-556,-445,-1006,-270,-663,-649,-668,-651,-618,-631,-1665,-915,-914,-914,-910,-909,-897,-897,-897,-890,-775,-724,-859]} 1. e4 d6 2. d4 Nf6 3. f3 e5 4. Ne2 Be7 5. c4 O-O 6. Nbc3 Nbd7 7. Be3 c6 8. d5 Ne8 {A53: Old Indian Defence without Nf3} (8... a5 9. Nc1 cxd5 10. cxd5 b6 11. Bb5 Nc5 12. Bc6 Rb8 13. Nb5 Ba6 14. O-O Ne8 15. Nd3 f5 16. b4 Nxd3 17. Qxd3 axb4 18. exf5 {1-0 (51) Lenic,L (2662)-Plat,V (2569) chess.com INT 2018}) 9. Qd2 c5 10. g4 Bh4+ {White is better.} 11. Ng3 g6 12. O-O-O a6 13. Rg1 Ng7 $146 ({Predecessor:} 13... Kh8 14. Bd3 Ng7 15. Kb1 Nf6 16. h3 {1-0 (43) Mikrut,D (2400)-Worek,J (2232) Pszczyna 2009}) 14. Kb1 b5 15. cxb5 axb5 16. Bxb5 Nb6 17. Bh6 {Black must now prevent Nh5.} f6 18. f4 Bd7 (18... exf4 $16 19. Nf5 (19. Qxf4 Bg5 $11) (19. Bxf4 g5 $11) 19... gxf5 20. gxf5 Rf7) 19. Be2 ({White should play} 19. Nf5 $18 Bxb5 20. Bxg7 (20. Nxb5 gxf5 21. gxf5 Rf7 $18) (20. Nxh4 Nc4 $14)) 19... Na4 ({Better is} 19... exf4 $1 $14 20. Bxf4 (20. Qxf4 Na4 $14) 20... Qe7) 20. Nxa4 Rxa4 21. Bxg7 $2 (21. fxe5 $16 {keeps the pressure on.} fxe5 22. b3) 21... Kxg7 $17 22. Nf5+ $2 (22. b3 $17 Bxg3 23. hxg3 Rxe4 24. Qc2) 22... gxf5 $19 23. gxf5+ Kh8 24. Rg4 Bf2 ({Don't do} 24... Rxe4 25. Rxh4 Rd4 26. Qc2 $17) 25. Bd3 $2 (25. fxe5 {nothing else works.} dxe5 26. Qh6) 25... Bd4 {[#] ...Qa8 is the strong threat.} 26. b3 (26. fxe5 $142 Rb4 27. b3) 26... Ra7 $2 (26... Qb6 {Hoping for ...Rfa8.} 27. fxe5 Rfa8) 27. Rh4 $2 (27. fxe5 Bxe5 28. Rdg1) 27... Rg8 {Black is clearly winning.} 28. Bc4 Bc8 29. fxe5 Bxe5 30. Qh6 Qa5 31. Qd2 Qxd2 {[%mdl 64] [#] Overworked Piece} 32. Rxd2 Rg1+ 33. Kc2 Rxa2+ 34. Kd3 Rxd2+ 35. Kxd2 Rg2+ 36. Ke1 {Accuracy: White = 22%, Black = 51%.} 0-1